000
00305nam a2200121 a 4500
005
20140414131926.0
008
101027s19uu xx 00 eng d
050
_a
ER
_b
H14 1995
100
_a
Roberts, Bethany
245
_a
Halloween mice!.
260
_a
New York :
_b
Scholastic ,
_c
1995.
999
_c
112020
_d
112020